Plenty of room for biology at the bottom, an introduction to bionanotechnology (Record no. 566526)

000 -LEADER
fixed length control field 02136cam a22004217a 4500
001 - CONTROL NUMBER
control field 14937960
003 - CONTROL NUMBER IDENTIFIER
control field CEME
005 - DATE AND TIME OF LATEST TRANSACTION
control field 20210628201558.0
008 - FIXED-LENGTH DATA ELEMENTS--GENERAL INFORMATION
fixed length control field 070723s2007 enka b 001 0 eng d
010 ## - LIBRARY OF CONGRESS CONTROL NUMBER
LC control number 2007277335
016 7# - NATIONAL BIBLIOGRAPHIC AGENCY CONTROL NUMBER
Record control number 101308012
Source DNLM
020 ## - INTERNATIONAL STANDARD BOOK NUMBER
International Standard Book Number 9781860946776
020 ## - INTERNATIONAL STANDARD BOOK NUMBER
International Standard Book Number 1860946771
035 ## - SYSTEM CONTROL NUMBER
System control number (OCoLC)ocn123378530
040 ## - CATALOGING SOURCE
Original cataloging agency NLM
Transcribing agency NLM
Modifying agency RVE
-- BAKER
-- YDXCP
-- BTCTA
-- CUS
-- NLGGC
-- DLC
042 ## - AUTHENTICATION CODE
Authentication code nlmcopyc
-- lccopycat
050 00 - LIBRARY OF CONGRESS CALL NUMBER
Classification number QP514.2
Item number .G39 2007
060 00 - NATIONAL LIBRARY OF MEDICINE CALL NUMBER
Classification number 2007 F-646
060 10 - NATIONAL LIBRARY OF MEDICINE CALL NUMBER
Classification number QT 36.5
Item number G289p 2007
082 00 - DEWEY DECIMAL CLASSIFICATION NUMBER
Classification number 610.28
Edition number 22
084 ## - OTHER CLASSIFICATION NUMBER
Classification number 58.30
Number source bcl
100 1# - MAIN ENTRY--PERSONAL NAME
Personal name Gazit, Ehud.
9 (RLIN) 55917
245 10 - TITLE STATEMENT
Title Plenty of room for biology at the bottom, an introduction to bionanotechnology
Remainder of title an introduction to bionanotechnology /
Statement of responsibility, etc. Ehud Gazit.
260 ## - PUBLICATION, DISTRIBUTION, ETC.
Place of publication, distribution, etc. London :
Name of publisher, distributor, etc. Imperial College Press ;
Place of publication, distribution, etc. Hackensack, NJ :
Name of publisher, distributor, etc. Distributed by World Scientific Pub. in the USA,
Date of publication, distribution, etc. c2007.
300 ## - PHYSICAL DESCRIPTION
Extent xiii, 183 p. :
Other physical details ill. ;
Dimensions 24 cm.
504 ## - BIBLIOGRAPHY, ETC. NOTE
Bibliography, etc. note Includes bibliographical references (p. 171-179) and index.
505 0# - FORMATTED CONTENTS NOTE
Formatted contents note Introduction : nanotechnology and bionanotechnology -- Brief introduction to nanotechnology -- Natural biological assembly at the nano-scale -- Nanomeric biological assemblies -- Molecular recognition and the formation of biological structures -- Self-assembly of biological and bio-inspired nano-materials -- Application of biological assemblies in nanotechnology -- Medical and other applications of bionanotechnology -- Future prospects for nanobiotechnology and bionanotechnology -- Concluding remarks -- Appendix A : There's plenty of room at the bottom: an invitation to enter a new field of physics / by Richard P. Feynman -- Appendix B : List of bionanotechnolgical and nanobiotechnological companies -- Appendix C : Glossary.
650 12 - SUBJECT ADDED ENTRY--TOPICAL TERM
Topical term or geographic name entry element Biotechnology.
9 (RLIN) 2447
650 12 - SUBJECT ADDED ENTRY--TOPICAL TERM
Topical term or geographic name entry element Nanotechnology.
9 (RLIN) 2826
650 22 - SUBJECT ADDED ENTRY--TOPICAL TERM
Topical term or geographic name entry element Nanomedicine.
9 (RLIN) 7328
650 22 - SUBJECT ADDED ENTRY--TOPICAL TERM
Topical term or geographic name entry element Nanostructures.
9 (RLIN) 3334
650 #0 - SUBJECT ADDED ENTRY--TOPICAL TERM
Topical term or geographic name entry element Biotechnology.
9 (RLIN) 2447
650 #0 - SUBJECT ADDED ENTRY--TOPICAL TERM
Topical term or geographic name entry element Biomimetic materials.
9 (RLIN) 2828
650 #0 - SUBJECT ADDED ENTRY--TOPICAL TERM
Topical term or geographic name entry element Biomolecules.
9 (RLIN) 2557
650 #0 - SUBJECT ADDED ENTRY--TOPICAL TERM
Topical term or geographic name entry element Nanotechnology.
9 (RLIN) 2826
650 #0 - SUBJECT ADDED ENTRY--TOPICAL TERM
Topical term or geographic name entry element Biomimetics.
9 (RLIN) 55918
942 ## - ADDED ENTRY ELEMENTS (KOHA)
Source of classification or shelving scheme
Koha item type Book
Holdings
Withdrawn status Lost status Source of classification or shelving scheme Damaged status Not for loan Permanent Location Current Location Shelving location Date acquired Total Checkouts Full call number Barcode Date last seen Price effective from Koha item type
          College of Electrical & Mechanical Engineering (CEME) College of Electrical & Mechanical Engineering (CEME) General Stacks 03/13/2017   572 GAZ CEME-47431 06/28/2021 06/28/2021 Book
          College of Electrical & Mechanical Engineering (CEME) College of Electrical & Mechanical Engineering (CEME) General Stacks 03/13/2017   572 GAZ CEME-47430 06/28/2021 06/28/2021 Book
© 2023 Central Library, National University of Sciences and Technology. All Rights Reserved.